[Event "Wch Blitz"]
[Site "Samarkand"]
[Date "2023.12.30"]
[Round "20"]
[White "Bryakin, Mikhail"]
[Black "Tissir, Mohamed"]
[Result "1-0"]
[WhiteElo "2486"]
[BlackElo "2349"]
[PlyCount "97"]
[EventDate "2023.12.29"]
[EventType "swiss (blitz)"]
[EventRounds "21"]
[EventCountry "UZB"]
[SourceTitle "CB01_2024"]
[SourceDate "2024.01.03"]
[SourceVersion "1"]
[SourceVersionDate "2024.01.03"]
[SourceQuality "1"]

1. d4 e6 2. c4 c5 3. d5 exd5 4. cxd5 d6 5. Nc3 Ne7 6. e4 Ng6 7. f4 Be7 8. Nf3 0-0 9. Bd3 a6 10. a4 Bf6 11. 0-0 Re8 12. Qc2 Bg4 13. Bd2 Bxf3 14. Rxf3 Nd7 15. Re1 Rc8 16. b3 Bd4+ 17. Kh1 Nf6 18. Ne2 Nd7 19. Nxd4 cxd4 20. Qb2 Nc5 21. Bb1 Qf6 22. a5 d3 23. Qxf6 gxf6 24. Bxd3 Nxb3 25. Bb4 Nc5 26. Bb1 Re7 27. g4 Nf8 28. Rc3 Nfd7 29. Kg2 Rce8 30. Kf3 Rb8 31. h4 b6 32. Bc2 bxa5 33. Bxa5 Rb2 34. Bc7 Nb7 35. Rb1 Rxb1 36. Bxb1 Re8 37. Rc6 Ra8 38. Bxd6 Nxd6 39. Rxd6 Nc5 40. Rc6 Nd7 41. Rd6 Nc5 42. Rxf6 a5 43. Rc6 Nd7 44. e5 a4 45. Ba2 Rb8 46. Rc4 a3 47. Ra4 Nc5 48. Rxa3 Rb4 49. d6 1-0

[Event "Wch Blitz"]
[Site "Samarkand"]
[Date "2023.12.30"]
[Round "21"]
[White "Tissir, Mohamed"]
[Black "Bogdan, David"]
[Result "0-1"]
[WhiteElo "2349"]
[BlackElo "1671"]
[PlyCount "120"]
[EventDate "2023.12.29"]
[EventType "swiss (blitz)"]
[EventRounds "21"]
[EventCountry "UZB"]
[SourceTitle "CB01_2024"]
[SourceDate "2024.01.03"]
[SourceVersion "1"]
[SourceVersionDate "2024.01.03"]
[SourceQuality "1"]

1. e4 c5 2. Nc3 Nc6 3. Bb5 Nd4 4. Bc4 e6 5. Nge2 Nc6 6. 0-0 Nf6 7. d3 Be7 8. f4 d6 9. a4 b6 10. f5 exf5 11. exf5 d5 12. Ba2 Bb7 13. Nf4 Nb4 14. Bb3 0-0 15. Bd2 Rc8 16. Na2 Nc6 17. c3 d4 18. Bc2 Ne5 19. Nh5 Qc7 20. Nxf6+ Bxf6 21. Qh5 Qc6 22. Rf2 Nd7 23. Re1 Rce8 24. Bb3 Rxe1+ 25. Bxe1 Be7 26. Nc1 Nf6 27. Qh3 a6 28. Ne2 dxc3 29. Nxc3 Qd6 30. Bd2 Qd4 31. Be3 Qxd3 32. Bc2 Qd7 33. Rd2 Qc6 34. Qg3 Rd8 35. Rxd8+ Bxd8 36. Bd1 Qd7 37. Qh3 Bc8 38. g4 Bc7 39. g5 Nd5 40. Nxd5 Qxd5 41. g6 Qxd1+ 42. Kf2 Qc2+ 43. Ke1 Qb1+ 44. Ke2 Qc2+ 45. Ke1 fxg6 46. Qf3 Qxf5 47. Qc6 Qd7 48. Qe4 Qf7 49. Qa8 Qe8 50. Kf2 Be5 51. Qd5+ Kf8 52. a5 Qf7+ 53. Qxf7+ Kxf7 54. axb6 Bb7 55. Bxc5 Bxb2 56. Ke3 Ke6 57. Kd3 Kd5 58. Be3 a5 59. Kc2 Be5 60. h3 Bd4 0-1

[Event "Wch Blitz"]
[Site "Samarkand"]
[Date "2023.12.29"]
[Round "5"]
[White "Shogdzhiev, Roman Sav"]
[Black "Tissir, Mohamed"]
[Result "1-0"]
[WhiteElo "1901"]
[BlackElo "2349"]
[PlyCount "88"]
[EventDate "2023.12.29"]
[EventType "swiss (blitz)"]
[EventRounds "21"]
[EventCountry "UZB"]
[SourceTitle "CB01_2024"]
[SourceDate "2024.01.03"]
[SourceVersion "1"]
[SourceVersionDate "2024.01.03"]
[SourceQuality "1"]

1. e4 c5 2. Nf3 e6 3. d4 cxd4 4. Nxd4 Nc6 5. Nc3 d6 6. Be3 a6 7. Be2 Nf6 8. 0-0 Be7 9. f4 Qc7 10. Bf3 0-0 11. Qe2 Bd7 12. Rad1 Rac8 13. g4 Nxd4 14. Bxd4 e5 15. Be3 exf4 16. Bxf4 Qb6+ 17. Kh1 Qxb2 18. Nd5 Nxd5 19. exd5 Rfe8 20. Be4 Bb5 21. Qf3 Bxf1 22. Rxf1 Bf6 23. g5 Be5 24. Bc1 Qd4 25. Be3 Qc4 26. Bd3 Qh4 27. Qxf7+ Kh8 28. Bg1 Qxg5 29. Qxb7 Rf8 30. Rf5 Qg4 31. Qd7 Qh4 32. Qe6 Rfe8 33. Qf7 a5 34. Rf1 Qe7 35. Qh5 g6 36. Bxg6 Rg8 37. Rf7 Qxf7 38. Bxf7 Rg7 39. Be6 Rf8 40. Qe2 h6 41. Be3 Rg6 42. c4 Kg7 43. c5 dxc5 44. Bxc5 Bd6 1-0

[Event "Wch Rapid"]
[Site "Samarkand"]
[Date "2023.12.27"]
[Round "6"]
[White "Yonal, Timur"]
[Black "Tissir, Mohamed"]
[Result "1-0"]
[WhiteElo "2003"]
[BlackElo "2349"]
[PlyCount "63"]
[EventDate "2023.12.26"]
[EventType "swiss (rapid)"]
[EventRounds "13"]
[EventCountry "UZB"]
[SourceTitle "CB01_2024"]
[SourceDate "2024.01.03"]
[SourceVersion "1"]
[SourceVersionDate "2024.01.03"]
[SourceQuality "1"]

1. e4 c5 2. Nc3 Nc6 3. Bb5 Nd4 4. Bc4 e6 5. Nge2 Qc7 6. d3 Nf6 7. Bf4 Bd6 8. Be3 Be5 9. f4 Ng4 10. Bd2 Nxe2 11. Nb5 Qb8 12. fxe5 Nxe5 13. Qxe2 a6 14. Nc3 b5 15. Bb3 Bb7 16. a4 b4 17. Nd1 0-0 18. 0-0 Qc7 19. Bf4 d6 20. Bxe5 dxe5 21. Ne3 Kh8 22. c3 Rad8 23. Rac1 Qd7 24. Rfd1 f5 25. Nc4 Qc7 26. cxb4 cxb4 27. Rf1 f4 28. Kh1 Rf6 29. Qh5 Qe7 30. Qxe5 Rdf8 31. Nd2 Qf7 32. Rc7 1-0

[Event "Wch Rapid"]
[Site "Samarkand"]
[Date "2023.12.26"]
[Round "4"]
[White "Tissir, Mohamed"]
[Black "Sjugirov, Sanan"]
[Result "0-1"]
[WhiteElo "2349"]
[BlackElo "2703"]
[PlyCount "78"]
[EventDate "2023.12.26"]
[EventType "swiss (rapid)"]
[EventRounds "13"]
[EventCountry "UZB"]
[SourceTitle "CB01_2024"]
[SourceDate "2024.01.03"]
[SourceVersion "1"]
[SourceVersionDate "2024.01.03"]
[SourceQuality "1"]

1. e4 c6 2. d4 d5 3. Nc3 dxe4 4. Nxe4 Nf6 5. Ng3 h5 6. h3 c5 7. Nf3 cxd4 8. Qxd4 Qxd4 9. Nxd4 h4 10. Bb5+ Bd7 11. Nge2 e5 12. Bxd7+ Nbxd7 13. Nf3 Ne4 14. Nd2 Nxd2 15. Bxd2 Bc5 16. f3 f6 17. 0-0-0 g5 18. Nc3 Rc8 19. Kb1 Ke7 20. Rhe1 Ke6 21. a3 Rhd8 22. Ne4 b6 23. Bb4 Bxb4 24. axb4 Nf8 25. c4 Rxd1+ 26. Rxd1 Rxc4 27. b5 Ke7 28. Rd3 Rc7 29. Rd2 Ne6 30. Nc3 Rd7 31. Re2 Nf4 32. Rc2 f5 33. b3 Ke6 34. Na2 e4 35. fxe4 fxe4 36. Rc4 Kf5 37. Nc3 e3 38. Rc8 e2 39. Rf8+ Kg6 0-1

[Event "Titled Tuesday intern op 05th Sep Late"]
[Site "Chess.com INT"]
[Date "2023.09.05"]
[Round "5"]
[White "Tissir, Mohamed"]
[Black "Hambleton, Aman"]
[Result "1-0"]
[WhiteElo "2344"]
[BlackElo "2420"]
[PlyCount "139"]
[EventDate "2023.09.05"]
[EventType "swiss (blitz)"]
[EventRounds "11"]
[EventCountry "USA"]
[SourceTitle "EXT 2024"]
[Source "ChessBase"]
[SourceDate "2023.10.10"]
[SourceVersion "1"]
[SourceVersionDate "2023.10.10"]
[SourceQuality "1"]

1. e4 e6 2. d4 d5 3. Nd2 h6 4. Ngf3 Nf6 5. e5 Nfd7 6. c3 c5 7. Bd3 Nc6 8. 0-0 g5 9. dxc5 Bxc5 10. Nb3 Bf8 11. Nbd4 g4 12. Nd2 Ndxe5 13. Bb5 Bd7 14. Re1 Nxd4 15. Bxd7+ Nxd7 16. cxd4 h5 17. Qb3 Nb6 18. a4 Qd7 19. a5 Nc8 20. a6 Rb8 21. Nf1 Bg7 22. Bf4 Nd6 23. Qxd5 Rd8 24. Qxd6 Qxd6 25. Bxd6 Rxd6 26. axb7 Rb6 27. Rxa7 0-0 28. Rc1 Bxd4 29. Rc8 Rxb2 30. Rxf8+ Kg7 31. Rxf7+ Kg6 32. b8Q Rxb8 33. Rab7 Ra8 34. h3 Ra1 35. hxg4 hxg4 36. g3 e5 37. Kg2 Ra2 38. Nh2 e4 39. Nxg4 e3 40. Rfe7 exf2 41. Rf7 f1Q+ 42. Kxf1 Ra1+ 43. Kg2 Rg1+ 44. Kh3 Rh1+ 45. Kg2 Rg1+ 46. Kh2 Rd1 47. Nf2 Rd2 48. Kg2 Ra2 49. Rf3 Kg5 50. Rd7 Bb6 51. Rd5+ Kg6 52. Rd6+ Kg5 53. Rxb6 Ra5 54. Rc3 Rf5 55. Rcb3 Kh5 56. g4+ Kh4 57. Rh3+ Kg5 58. Rh5+ Kf4 59. Rxf5+ Ke3 60. Re6+ Kd4 61. Rf7 Kc5 62. Re8 Kb6 63. Rf5 Kc6 64. Re6+ Kd7 65. Rg6 Ke7 66. Rh5 Kf7 67. Ra6 Kg7 68. Rb5 Kf7 69. Rb7+ Ke8 70. Ra8# 1-0

[Event "Titled Tuesday intern op 05th Sep Late"]
[Site "Chess.com INT"]
[Date "2023.09.05"]
[Round "4"]
[White "Tissir, Mohamed"]
[Black "Lalanne, Pablo"]
[Result "1-0"]
[WhiteElo "2344"]
[BlackElo "2208"]
[PlyCount "33"]
[EventDate "2023.09.05"]
[EventType "swiss (blitz)"]
[EventRounds "11"]
[EventCountry "USA"]
[SourceTitle "EXT 2024"]
[Source "ChessBase"]
[SourceDate "2023.10.10"]
[SourceVersion "1"]
[SourceVersionDate "2023.10.10"]
[SourceQuality "1"]

1. e4 e5 2. Nf3 Nc6 3. Bc4 Bc5 4. c3 Nf6 5. d3 0-0 6. Bb3 d6 7. Nbd2 a6 8. Nf1 Ba7 9. Ng3 Ne7 10. Bg5 Ng6 11. Nh5 Nxh5 12. Bxd8 Rxd8 13. Bxf7+ Kxf7 14. Ng5+ Kg8 15. Qxh5 Nf8 16. Qf7+ Kh8 17. Qb3 1-0

[Event "Titled Tuesday intern op 05th Sep Late"]
[Site "Chess.com INT"]
[Date "2023.09.05"]
[Round "7"]
[White "Tissir, Mohamed"]
[Black "Mirzoev, Azer"]
[Result "1-0"]
[WhiteElo "2344"]
[BlackElo "2418"]
[PlyCount "99"]
[EventDate "2023.09.05"]
[EventType "swiss (blitz)"]
[EventRounds "11"]
[EventCountry "USA"]
[SourceTitle "EXT 2024"]
[Source "ChessBase"]
[SourceDate "2023.10.10"]
[SourceVersion "1"]
[SourceVersionDate "2023.10.10"]
[SourceQuality "1"]

1. e4 c5 2. Nc3 e6 3. Nf3 a6 4. d4 cxd4 5. Nxd4 b5 6. Bd3 Bb7 7. 0-0 Nc6 8. Nb3 Nf6 9. Qe2 d6 10. Bd2 Be7 11. Rae1 b4 12. Nd1 a5 13. c3 bxc3 14. Bxc3 0-0 15. f4 a4 16. Nd2 Ba6 17. Bxa6 Qb6+ 18. Kh1 Qxa6 19. Qf3 Rac8 20. a3 Nd7 21. Nf2 Bf6 22. e5 dxe5 23. Ng4 Nd4 24. Qe4 Nf5 25. fxe5 Be7 26. Qf3 Qc6 27. Ne4 Rfd8 28. Qf4 Nf8 29. Ngf6+ gxf6 30. exf6 Ng6 31. fxe7 Nxf4 32. Nf6+ Kg7 33. exd8Q Rxd8 34. Rxf4 Kf8 35. Nxh7+ Ke8 36. Rxf5 Rd3 37. Nf6+ Kd8 38. Rf2 Rxc3 39. bxc3 Qxc3 40. Rd1+ Ke7 41. Rff1 Qxa3 42. Rd7+ Kf8 43. Ne4 f5 44. Ng5 Qb3 45. Re1 e5 46. Rc1 Ke8 47. Rh7 Kd8 48. h3 Qe3 49. Ne6+ Ke8 50. Rc8# 1-0

[Event "Titled Tuesday intern op 05th Sep Early"]
[Site "Chess.com INT"]
[Date "2023.09.05"]
[Round "9"]
[White "Tissir, Mohamed"]
[Black "Tologontegin, Semetey"]
[Result "1-0"]
[WhiteElo "2344"]
[BlackElo "2368"]
[PlyCount "83"]
[EventDate "2023.09.05"]
[EventType "swiss (blitz)"]
[EventRounds "11"]
[EventCountry "USA"]
[SourceTitle "EXT 2024"]
[Source "ChessBase"]
[SourceDate "2023.10.10"]
[SourceVersion "1"]
[SourceVersionDate "2023.10.10"]
[SourceQuality "1"]

1. e4 g6 2. d4 Bg7 3. Nf3 c6 4. h3 d5 5. Nc3 Nf6 6. Bd3 dxe4 7. Nxe4 Nxe4 8. Bxe4 0-0 9. 0-0 Nd7 10. c3 Qc7 11. Bg5 e6 12. Qd2 Re8 13. Rfe1 b6 14. Bf4 e5 15. dxe5 Nxe5 16. Nxe5 Bxe5 17. Bxc6 Qxc6 18. Bxe5 Bb7 19. f3 f6 20. Bd4 Rad8 21. Qf4 Kg7 22. h4 h5 23. Re3 Rxe3 24. Bxe3 Rd7 25. Qh6+ Kf7 26. Qh7+ Ke6 27. Qxg6 Rd5 28. Bd4 Kd7 29. Qf7+ Kc8 30. Re1 Rd7 31. Qxh5 Ba6 32. Re8+ Kb7 33. Rf8 Qc4 34. Qe8 Bb5 35. b3 Qc7 36. Qa8+ Ka6 37. Rxf6 Re7 38. Rxb6+ Ka5 39. Rxb5+ Kxb5 40. Qd5+ Ka6 41. a4 Qg3 42. Qb5# 1-0

[Event "Titled Tuesday intern op 05th Sep Early"]
[Site "Chess.com INT"]
[Date "2023.09.05"]
[Round "11"]
[White "Tissir, Mohamed"]
[Black "Trifan, Andrei Ioan"]
[Result "0-1"]
[WhiteElo "2344"]
[BlackElo "2302"]
[PlyCount "112"]
[EventDate "2023.09.05"]
[EventType "swiss (blitz)"]
[EventRounds "11"]
[EventCountry "USA"]
[SourceTitle "EXT 2024"]
[Source "ChessBase"]
[SourceDate "2023.10.10"]
[SourceVersion "1"]
[SourceVersionDate "2023.10.10"]
[SourceQuality "1"]

1. e4 e5 2. Nf3 Nc6 3. Bc4 Bc5 4. c3 Nf6 5. d3 d6 6. Bb3 a6 7. Nbd2 Ba7 8. Nf1 Ng4 9. d4 0-0 10. Ng3 Nf6 11. 0-0 exd4 12. Nxd4 h6 13. Ndf5 Re8 14. Qf3 Ne5 15. Qe2 Ng6 16. Qf3 Ne5 17. Qe2 Bd7 18. Re1 Neg4 19. Nd4 Bb5 20. Qd1 Bd7 21. h3 Ne5 22. Nf3 Qe7 23. Be3 Bxe3 24. Rxe3 Rad8 25. Nd4 g6 26. Qd2 c5 27. Nf3 Be6 28. Rd1 Kg7 29. Qe2 Bxb3 30. axb3 Qe6 31. Qc2 Nxf3+ 32. Rxf3 Nxe4 33. Re1 d5 34. Rfe3 f5 35. f3 f4 36. Rxe4 dxe4 37. Nxe4 Qe5 38. Qf2 b6 39. b4 cxb4 40. Qxb6 bxc3 41. bxc3 Qe7 42. Qxa6 Qc7 43. Qb5 Qe5 44. Qb7+ Qe7 45. Qb6 Rb8 46. Qd4+ Qe5 47. Qd7+ Re7 48. Qd3 Rbe8 49. Kh2 g5 50. Ra1 h5 51. Ra6 g4 52. hxg4 hxg4 53. Nd6 g3+ 54. Kg1 Qe1+ 55. Qf1 Qxf1+ 56. Kxf1 Re1# 0-1

[Event "Titled Tuesday intern op 29th Aug Early"]
[Site "Chess.com INT"]
[Date "2023.08.29"]
[Round "6"]
[White "Tissir, Mohamed"]
[Black "Sailer, Mike L"]
[Result "1-0"]
[WhiteElo "2347"]
[BlackElo "2109"]
[PlyCount "53"]
[EventDate "2023.08.29"]
[EventType "swiss (blitz)"]
[EventRounds "11"]
[EventCountry "USA"]
[SourceTitle "EXT 2024"]
[Source "ChessBase"]
[SourceDate "2023.10.10"]
[SourceVersion "1"]
[SourceVersionDate "2023.10.10"]
[SourceQuality "1"]

1. e4 d5 2. Nc3 dxe4 3. Nxe4 Qd5 4. Ng3 h5 5. h3 h4 6. N3e2 Nc6 7. Nf3 Bf5 8. Nc3 Qe6+ 9. Be2 0-0-0 10. d3 Nf6 11. Ng5 Qe5 12. Nxf7 Qa5 13. Nxh8 e5 14. Nf7 Rd7 15. Ng5 Bb4 16. 0-0 Nd4 17. Nf3 Ne6 18. Bd2 g5 19. Nxg5 Rg7 20. Nxe6 Bxe6 21. Kh1 Qb6 22. Ne4 Bxd2 23. Qxd2 Nd5 24. Qh6 Rg8 25. c4 Nf4 26. Bf3 Qd6 27. Nxd6+ 1-0

[Event "Titled Tuesday intern op 27th Jun Late"]
[Site "Chess.com INT"]
[Date "2023.06.27"]
[Round "11"]
[White "Jiang, Brandon"]
[Black "Tissir, Mohamed"]
[Result "0-1"]
[WhiteElo "2187"]
[BlackElo "2352"]
[PlyCount "64"]
[EventDate "2023.06.27"]
[EventType "swiss (blitz)"]
[EventRounds "11"]
[EventCountry "USA"]
[SourceTitle "EXT 2024"]
[Source "ChessBase"]
[SourceDate "2023.10.10"]
[SourceVersion "1"]
[SourceVersionDate "2023.10.10"]
[SourceQuality "1"]

1. e4 c5 2. Nf3 d6 3. Bb5+ Nd7 4. d4 cxd4 5. Qxd4 Qc7 6. Nc3 e6 7. Bg5 a6 8. Bxd7+ Bxd7 9. 0-0-0 Rc8 10. Qd3 Nf6 11. Rhe1 Be7 12. e5 dxe5 13. Nxe5 Bc6 14. Qe3 0-0 15. g4 Nd5 16. Rxd5 Bxd5 17. Bxe7 Qxe7 18. f4 Rfd8 19. g5 b5 20. Nxd5 Rxd5 21. h4 Qd6 22. h5 Rd8 23. Nd3 g6 24. h6 Rc8 25. Kb1 a5 26. Qd2 b4 27. Re3 a4 28. Qe1 b3 29. axb3 axb3 30. cxb3 Rxd3 31. Rxd3 Qxd3+ 32. Ka2 Ra8+ 0-1

[Event "Titled Tuesday intern op 27th Jun Late"]
[Site "Chess.com INT"]
[Date "2023.06.27"]
[Round "5"]
[White "Lorparizangeneh, Shahin"]
[Black "Tissir, Mohamed"]
[Result "0-1"]
[WhiteElo "2467"]
[BlackElo "2352"]
[PlyCount "60"]
[EventDate "2023.06.27"]
[EventType "swiss (blitz)"]
[EventRounds "11"]
[EventCountry "USA"]
[SourceTitle "EXT 2024"]
[Source "ChessBase"]
[SourceDate "2023.10.10"]
[SourceVersion "1"]
[SourceVersionDate "2023.10.10"]
[SourceQuality "1"]

1. e4 c5 2. Nf3 d6 3. d4 cxd4 4. Qxd4 Nd7 5. Be2 e6 6. 0-0 Ngf6 7. c4 Be7 8. Rd1 Qc7 9. b3 0-0 10. Nc3 a6 11. h3 b6 12. Bb2 Bb7 13. Rac1 Rad8 14. Qe3 Rfe8 15. Na4 Bf8 16. Nd2 Bc6 17. Nc3 Qb7 18. g4 h6 19. h4 d5 20. e5 Bc5 21. Qf4 Ne4 22. Ncxe4 dxe4 23. Nf1 Nf8 24. Ne3 Qe7 25. g5 hxg5 26. hxg5 Nh7 27. g6 fxg6 28. Qg3 Ng5 29. Ng4 Qf7 30. Nh2 Bxf2+ 0-1

[Event "Titled Tuesday intern op 27th Jun Late"]
[Site "Chess.com INT"]
[Date "2023.06.27"]
[Round "1"]
[White "Salem, AR Saleh"]
[Black "Tissir, Mohamed"]
[Result "1-0"]
[WhiteElo "2661"]
[BlackElo "2352"]
[PlyCount "75"]
[EventDate "2023.06.27"]
[EventType "swiss (blitz)"]
[EventRounds "11"]
[EventCountry "USA"]
[SourceTitle "EXT 2024"]
[Source "ChessBase"]
[SourceDate "2023.10.10"]
[SourceVersion "1"]
[SourceVersionDate "2023.10.10"]
[SourceQuality "1"]

1. d4 Nf6 2. c4 g6 3. Nc3 Bg7 4. e4 d6 5. h3 0-0 6. Be3 Nbd7 7. Nge2 a6 8. Qd2 c5 9. a4 cxd4 10. Nxd4 Nc5 11. Qc2 Ne6 12. Nf3 Bd7 13. Be2 Bc6 14. 0-0 Nd7 15. Rfd1 Ne5 16. Ne1 a5 17. f4 Bh6 18. Qd2 Nd7 19. Nf3 Nec5 20. Qc2 Rc8 21. Nd4 e5 22. Nxc6 bxc6 23. Rxd6 Qe7 24. Rad1 Bxf4 25. Bf2 Rfd8 26. Bg4 Ne6 27. Bxe6 fxe6 28. c5 Nf6 29. Qb3 Rxd6 30. cxd6 Qd7 31. Bc5 Nh5 32. Ne2 Bg5 33. Qc3 Nf4 34. Nxf4 Bxf4 35. Qxa5 h6 36. Qa7 Rd8 37. Qxd7 Rxd7 38. a5 1-0

[Event "Titled Tuesday intern op 27th Jun Late"]
[Site "Chess.com INT"]
[Date "2023.06.27"]
[Round "9"]
[White "Tissir, Mohamed"]
[Black "Bolourchifard, Farzad"]
[Result "0-1"]
[WhiteElo "2352"]
[BlackElo "2292"]
[PlyCount "64"]
[EventDate "2023.06.27"]
[EventType "swiss (blitz)"]
[EventRounds "11"]
[EventCountry "USA"]
[SourceTitle "EXT 2024"]
[Source "ChessBase"]
[SourceDate "2023.10.10"]
[SourceVersion "1"]
[SourceVersionDate "2023.10.10"]
[SourceQuality "1"]

1. e4 e5 2. Nf3 Nc6 3. Bc4 Bc5 4. c3 Nf6 5. d3 d6 6. Bb3 a5 7. Nbd2 0-0 8. Nf1 d5 9. Qe2 dxe4 10. dxe4 Ng4 11. Ne3 Nxe3 12. Bxe3 Qe7 13. h3 a4 14. Bd5 Na5 15. Bxc5 Qxc5 16. 0-0 c6 17. b4 axb3 18. axb3 cxd5 19. b4 Qc7 20. bxa5 dxe4 21. Qxe4 Rxa5 22. Rxa5 Qxa5 23. Qxe5 Qa2 24. Nd4 Qc4 25. Rc1 h6 26. Nf5 f6 27. Ne7+ Kf7 28. Qd6 Be6 29. Rb1 Qe4 30. Rb6 Re8 31. Rb4 Qe1+ 32. Kh2 Rxe7 0-1

[Event "Titled Tuesday intern op 20th Jun Late"]
[Site "Chess.com INT"]
[Date "2023.06.20"]
[Round "1"]
[White "Calderin Gonzalez, Roberto"]
[Black "Tissir, Mohamed"]
[Result "0-1"]
[WhiteElo "2413"]
[BlackElo "2352"]
[PlyCount "50"]
[EventDate "2023.06.20"]
[EventType "swiss (blitz)"]
[EventRounds "11"]
[EventCountry "USA"]
[SourceTitle "EXT 2024"]
[Source "ChessBase"]
[SourceDate "2023.10.10"]
[SourceVersion "1"]
[SourceVersionDate "2023.10.10"]
[SourceQuality "1"]

1. e4 c5 2. Nc3 g6 3. g3 Bg7 4. Bg2 Nc6 5. Nge2 h5 6. d3 h4 7. h3 hxg3 8. fxg3 d6 9. Be3 Rb8 10. Qd2 Nd4 11. Bxd4 cxd4 12. Nd5 Nf6 13. Nxf6+ Bxf6 14. h4 Qb6 15. 0-0-0 Be6 16. Kb1 Rc8 17. Nc1 Be5 18. Bh3 a5 19. Bxe6 fxe6 20. Qg5 Kd7 21. Rhf1 a4 22. Rf7 Rhe8 23. Qxg6 a3 24. b3 Qc5 25. Rd2 Qc3 0-1

[Event "Titled Tuesday intern op 20th Jun Late"]
[Site "Chess.com INT"]
[Date "2023.06.20"]
[Round "4"]
[White "Makhnev, Denis"]
[Black "Tissir, Mohamed"]
[Result "1-0"]
[WhiteElo "2469"]
[BlackElo "2352"]
[PlyCount "47"]
[EventDate "2023.06.20"]
[EventType "swiss (blitz)"]
[EventRounds "11"]
[EventCountry "USA"]
[SourceTitle "EXT 2024"]
[Source "ChessBase"]
[SourceDate "2023.10.10"]
[SourceVersion "1"]
[SourceVersionDate "2023.10.10"]
[SourceQuality "1"]

1. Nf3 Nf6 2. e3 g6 3. b4 Bg7 4. Bb2 0-0 5. Be2 a5 6. b5 b6 7. d4 Bb7 8. c4 d5 9. Nbd2 dxc4 10. Nxc4 Nbd7 11. 0-0 Ne4 12. Rc1 Rc8 13. Bd3 c5 14. bxc6 Bxc6 15. Qe2 Bd5 16. a4 Rc7 17. Na3 Rxc1 18. Rxc1 Qb8 19. Ba6 Nd6 20. Nb5 Nxb5 21. Qxb5 Rd8 22. Ba3 Bxf3 23. gxf3 e5 24. Be7 1-0

[Event "Dubai op-A 23rd"]
[Site "Dubai"]
[Date "2023.06.03"]
[Round "8"]
[White "Tissir, Mohamed"]
[Black "Vasquez Schroder, Rodrigo Rafael"]
[Result "0-1"]
[WhiteElo "2354"]
[BlackElo "2524"]
[PlyCount "116"]
[EventDate "2023.05.27"]
[EventType "swiss"]
[EventRounds "9"]
[EventCountry "UAE"]
[SourceTitle "CBM 214 Extra"]
[Source "ChessBase"]
[SourceDate "2023.07.31"]
[SourceVersion "1"]
[SourceVersionDate "2023.07.31"]
[SourceQuality "1"]

1. e4 c6 2. d4 d5 3. Nc3 dxe4 4. Nxe4 Nd7 5. Bd3 Ngf6 6. Ng5 g6 7. N1f3 Bg7 8. 0-0 0-0 9. Ne5 h6 10. Ngf3 c5 11. c3 cxd4 12. cxd4 Nb6 13. Re1 Nbd5 14. Bd2 Bf5 15. Bc4 Qb6 16. Bb3 Rac8 17. h3 Rc7 18. Rc1 Rfc8 19. Rxc7 Rxc7 20. Qe2 e6 21. Rc1 Be4 22. Qe1 Ne7 23. Nc4 Qa6 24. Nce5 Qd6 25. Nc4 Qd8 26. Nce5 Bd5 27. Qd1 Bxb3 28. Qxb3 Ne4 29. Rxc7 Qxc7 30. Qa4 Qd8 31. Be3 a6 32. Qc2 Nd6 33. Qc1 Kh7 34. Qc2 Nd5 35. h4 Kg8 36. Qc1 Nf5 37. g4 Ndxe3 38. fxe3 Nxh4 39. Nxh4 Qxh4 40. Qc8+ Kh7 41. Qxb7 Bxe5 42. dxe5 Qxg4+ 43. Kf2 Qf5+ 44. Kg2 a5 45. Qb5 Qc2+ 46. Kg3 a4 47. Qb4 Kg7 48. b3 axb3 49. axb3 Qd3 50. Kf2 g5 51. Qb7 Qf5+ 52. Kg2 g4 53. b4 h5 54. b5 h4 55. b6 Qc2+ 56. Kf1 Qd1+ 57. Kg2 Qe2+ 58. Kh1 Qf1+ 0-1

[Event "Titled Tuesday intern op 30th May Late"]
[Site "Chess.com INT"]
[Date "2023.05.30"]
[Round "3"]
[White "Tissir, Mohamed"]
[Black "Ardila, Oscar Humberto"]
[Result "1-0"]
[WhiteElo "2354"]
[BlackElo "1982"]
[PlyCount "111"]
[EventDate "2023.05.30"]
[EventType "swiss (blitz)"]
[EventRounds "11"]
[EventCountry "USA"]
[SourceTitle "CBM 214 Extra"]
[Source "ChessBase"]
[SourceDate "2023.07.31"]
[SourceVersion "1"]
[SourceVersionDate "2023.07.31"]
[SourceQuality "1"]

1. e4 e5 2. Nf3 Nc6 3. Bc4 Nf6 4. d3 Bc5 5. c3 d6 6. Bb3 0-0 7. Nbd2 Ne7 8. Nf1 Ng6 9. Ng3 c6 10. 0-0 a5 11. a4 Qe7 12. h3 Be6 13. d4 exd4 14. cxd4 Bb4 15. Nf5 Qd7 16. Ng3 Rfe8 17. d5 cxd5 18. exd5 Bf5 19. Nxf5 Qxf5 20. Be3 Nf4 21. Bxf4 Qxf4 22. Qd3 Re4 23. Rac1 Rae8 24. Rc7 b6 25. Bc4 h6 26. b3 Bc5 27. Bb5 R4e7 28. Rxc5 bxc5 29. Bxe8 Rxe8 30. Qa6 Rb8 31. Qxa5 Rxb3 32. Qd8+ Kh7 33. a5 Nxd5 34. a6 Rxf3 35. a7 Ra3 36. a8Q Rxa8 37. Qxa8 Qg5 38. Rd1 Nf4 39. Qf3 d5 40. Kh2 d4 41. g3 Ng6 42. Qxf7 Qh5 43. Rc1 Qe5 44. Qc4 Qf6 45. Qc2 h5 46. h4 Kh6 47. Kg2 Ne5 48. Qe4 d3 49. Rxc5 d2 50. Rd5 Ng4 51. Rxd2 g6 52. f3 Qc3 53. Qf4+ Kg7 54. fxg4 hxg4 55. Qd4+ Qxd4 56. Rxd4 1-0

[Event "Titled Tuesday intern op 30th May Late"]
[Site "Chess.com INT"]
[Date "2023.05.30"]
[Round "7"]
[White "Tissir, Mohamed"]
[Black "Bashirli, Nail Qoshqar"]
[Result "0-1"]
[WhiteElo "2354"]
[BlackElo "2326"]
[PlyCount "72"]
[EventDate "2023.05.30"]
[EventType "swiss (blitz)"]
[EventRounds "11"]
[EventCountry "USA"]
[SourceTitle "CBM 214 Extra"]
[Source "ChessBase"]
[SourceDate "2023.07.31"]
[SourceVersion "1"]
[SourceVersionDate "2023.07.31"]
[SourceQuality "1"]

1. e4 c5 2. Nc3 a6 3. Nf3 b5 4. d4 cxd4 5. Nxd4 Bb7 6. Bd3 e6 7. 0-0 Nc6 8. Nb3 g6 9. Qe2 d6 10. f4 Nge7 11. f5 b4 12. Nd1 gxf5 13. exf5 e5 14. f6 Ng6 15. Be4 d5 16. Bxg6 hxg6 17. Ne3 e4 18. Rd1 Qd6 19. h3 Ne5 20. Na5 0-0-0 21. Nxb7 Kxb7 22. Rxd5 Qxf6 23. Rxd8 Qxd8 24. Ng4 Nxg4 25. Qxg4 Bc5+ 26. Kh1 f5 27. Qe2 Qd4 28. Bf4 Qf2 29. Qc4 Rxh3+ 30. gxh3 Qf3+ 31. Kh2 Qxf4+ 32. Kh1 Qf3+ 33. Kh2 Qf2+ 34. Kh1 Bd6 35. Qd5+ Kc7 36. Qc4+ Kb6 0-1